000 00619nam a2200181Ia 4500
008 100921s9999 xx 000 0 und d
082 _b24151
_a891.463 थ 90
100 _aमंगेशकर गीता.
245 _aजागृती.
260 _bप्रिया प्रकाशन, मुंबई.
_c1990
300 _a256
_bभावे पुस्तक भांडार,पुणे
365 _b100
520 _aललित-कादंबरी.
630 _aजागृती.
650 _aललित-कादंबरी.
730 _aजागृती.
942 _cBOOK
999 _c773264
_d773261